Tác động của ngữ cảnh đối với việc nhớ từ của người học ngoại ngữ : Luận văn Thạc sĩ Khoa học Giáo dục. Chuyên ngành: Lí luận và Phương pháp dạy học môn Tiếng Anh
Đề tài nghiên cứu cách học từ vựng Tiếng Anh: học qua ngữ cảnh - học vẹt và thực hiện kiểm tra lần 1 ngay sau khi kết thúc bài học và lần 2 sau 3 tuần.
保存先:
| 第一著者: | |
|---|---|
| フォーマット: | 図書 |
| 言語: | Undetermined |
| 出版事項: |
Cần Thơ
Trường Đại học Cần Thơ
2010
|
| 主題: | |
| タグ: |
タグ追加
タグなし, このレコードへの初めてのタグを付けませんか!
|
| Thư viện lưu trữ: | Trung tâm Học liệu Trường Đại học Cần Thơ |
|---|
| LEADER | 01216nam a2200229Ia 4500 | ||
|---|---|---|---|
| 001 | CTU_162053 | ||
| 008 | 210402s9999 xx 000 0 und d | ||
| 082 | |a 372.61 | ||
| 082 | |b O.408 | ||
| 088 | |a 60140111 | ||
| 100 | |a Nguyễn, Thị Hoàng Oanh | ||
| 245 | 0 | |a Tác động của ngữ cảnh đối với việc nhớ từ của người học ngoại ngữ : | |
| 245 | 0 | |b Luận văn Thạc sĩ Khoa học Giáo dục. Chuyên ngành: Lí luận và Phương pháp dạy học môn Tiếng Anh | |
| 245 | 0 | |c Nguyễn Thị Hoàng Oanh; Bùi Lan Chi ( Supervisor ) | |
| 260 | |a Cần Thơ | ||
| 260 | |b Trường Đại học Cần Thơ | ||
| 260 | |c 2010 | ||
| 520 | |a Đề tài nghiên cứu cách học từ vựng Tiếng Anh: học qua ngữ cảnh - học vẹt và thực hiện kiểm tra lần 1 ngay sau khi kết thúc bài học và lần 2 sau 3 tuần. | ||
| 650 | |a English language,Từ vựng,Tiếng anh,Vocabulary | ||
| 650 | |x Study and teaching,Dạy và học,Dạy và học,Study and teaching | ||
| 904 | |i Nhớ, Năm | ||
| 980 | |a Trung tâm Học liệu Trường Đại học Cần Thơ | ||